Parents on dyslexia /

Bibliographic Details
Uniform Title:Ouders over dyslexie.
Other Authors: Stoel, Saskia van der
Format: Book
Language:English
Published: Clevedon, Avon, England ; Philadelphia : Multilingual Matters Ltd., [1990]
Series:Multilingual matters (Series)
Subjects:

MARC

Tag First Indicator Second Indicator Subfields
LEADER 00000cam a2200000 a 4500
001 in00001031021
005 20150928124204.0
008 891221s1990 enk 000 0 eng
010 |a  89078034  
020 |a 1853590770 
020 |a 1853590762 (pbk.) 
035 |a (OCoLC)20992418 
035 |9 AFG8238AM 
040 |a DLC  |c DLC  |d UtOrBLW 
041 1 |a eng  |h dut 
049 |a TXAM 
050 0 0 |a RJ496.A5  |b O9313 1990 
082 0 0 |a 618.92/8553  |2 20 
130 0 |a Ouders over dyslexie.  |l English. 
245 1 0 |a Parents on dyslexia /  |c edited by Saskia van der Stoel ; translated by G.D. Burton. 
264 1 |a Clevedon, Avon, England ;  |a Philadelphia :  |b Multilingual Matters Ltd.,  |c [1990] 
264 4 |c ©1990 
300 |a xv, 175 pages ;  |c 23 cm. 
336 |a text  |b txt  |2 rdacontent 
337 |a unmediated  |b n  |2 rdamedia 
338 |a volume  |b nc  |2 rdacarrier 
490 1 |a Multilingual matters 
500 |a Translation of: Ouders over dyslexie. 
650 0 |a Dyslexic children  |x Family relationships. 
650 0 |a Parent and child. 
700 1 |a Stoel, Saskia van der. 
830 0 |a Multilingual matters (Series) 
999 |a MARS 
999 f f |s 2f58aa85-4544-3776-8c2b-ab126df8984e  |i bca46243-db47-3908-a7ba-bea4e8e92194  |t 0 
952 f f |p ric  |a Texas A&M University  |b Rellis Campus  |c Joint Library Facility  |d Remote Storage  |t 0  |e RJ496.A5 O9313 1990  |h Library of Congress classification  |i unmediated -- volume  |m A14815607466 
998 f f |a RJ496.A5 O9313 1990  |t 0  |l Remote Storage